Dieta para un corazón saludable.

Bibliographic Details
Corporate Author: United States. Food and Drug Administration
Format: Government Document Book
Language:Spanish
Published: Rockville, MD (5600 Fishers Lane, Rockville 20857) : Dept. of Health and Human Services, Food and Drug Administration, [1997]
Series:HHS publication ; no. (FDA) 97-2302S.
Subjects:

MARC

Tag First Indicator Second Indicator Subfields
LEADER 00000cam a2200000 a 4500
001 in00001404479
005 20151020052241.0
008 970805s1997 mdua f000 0 spa d
010 |a gp 97066562  
035 |a (OCoLC)37419671 
035 |9 AHM3351AM 
040 |a GPO  |c GPO  |d DLC  |d MvI  |d UtOrBLW 
074 |a 0475 
086 0 |a HE 20.4002:H 34/3/SPAN. 
245 0 0 |a Dieta para un corazón saludable. 
264 1 |a Rockville, MD (5600 Fishers Lane, Rockville 20857) :  |b Dept. of Health and Human Services, Food and Drug Administration,  |c [1997] 
300 |a 11 pages :  |b color illustrations ;  |c 22 x 14 cm. 
336 |a text  |b txt  |2 rdacontent 
337 |a unmediated  |b n  |2 rdamedia 
338 |a volume  |b nc  |2 rdacarrier 
490 1 |a Publication ;  |v no. (FDA) 97-2302S 
500 |a Cover title. 
500 |a Shipping list number: 97-0297-P. 
650 0 |a Low-cholesterol diet  |v Recipes. 
650 0 |a Heart  |x Diseases  |x Diet therapy  |v Recipes. 
650 0 |a Heart  |x Diseases  |x Prevention. 
710 1 |a United States.  |b Food and Drug Administration. 
830 0 |a HHS publication ;  |v no. (FDA) 97-2302S. 
999 |a MARS 
999 f f |s 73c1105b-b809-3b32-8f96-ea3f921bd8f7  |i feb18746-3515-31a7-985b-86202e7da5c6  |t 0 
952 f f |p normal  |a Texas A&M University  |b College Station  |c Sterling C. Evans Library  |d Evans: US Documents (Annex 5th floor)  |t 0  |e HE 20.4002:H 34/3/SPAN.  |h Superintendent of Documents classification  |i unmediated -- volume  |m A14838168473 
998 f f |a HE 20.4002:H 34/3/SPAN.  |t 0  |l Evans: US Documents (Annex 5th floor)